Human anatomy : (Record no. 12135)
[ view plain ]
| 000 -LEADER | |
|---|---|
| fixed length control field | 00599nam a22002052 4500 |
| 001 - CONTROL NUMBER | |
| control field | 0000020344 |
| 005 - DATE AND TIME OF LATEST TRANSACTION | |
| control field | 20151217155228.0 |
| 008 - FIXED-LENGTH DATA ELEMENTS--GENERAL INFORMATION | |
| fixed length control field | 110913s xx 000 0 eng d |
| 020 ## - INTERNATIONAL STANDARD BOOK NUMBER | |
| International Standard Book Number | 0723431957 : |
| 040 ## - CATALOGING SOURCE | |
| Original cataloging agency | KABU |
| Transcribing agency | KABU |
| 245 10 - TITLE STATEMENT | |
| Title | Human anatomy : |
| Remainder of title | color,atlas and text / |
| Statement of responsibility, etc. | J. A. Gosling ...[et al.]. |
| 250 ## - EDITION STATEMENT | |
| Edition statement | 4th ed. |
| 260 ## - PUBLICATION, DISTRIBUTION, ETC. (IMPRINT) | |
| Place of publication, distribution, etc. | London : |
| Name of publisher, distributor, etc. | Mosby, |
| Date of publication, distribution, etc. | 2002. |
| 300 ## - PHYSICAL DESCRIPTION | |
| Extent | xii, 377 p. |
| 650 #0 - SUBJECT ADDED ENTRY--TOPICAL TERM | |
| Topical term or geographic name as entry element | Human anatomy |
| General subdivision | Atlases. |
| -- | 0000180188 |
| 700 1# - ADDED ENTRY--PERSONAL NAME | |
| Personal name | Gosling, J. A. |
| -- | 0000180535 |
| 852 1# - LOCATION | |
| -- | p3715 KES |
| 908 ## - PUT COMMAND PARAMETER (RLIN) | |
| Put command parameter | 110913 |
| 950 ## - LOCAL HOLDINGS (RLIN) | |
| -- | 1 |
| Withdrawn status | Lost status | Source of classification or shelving scheme | Not for loan | Home library | Current library | Date acquired | Total Checkouts | Total Renewals | Full call number | Barcode | Date last seen | Date last checked out | Price effective from | Koha item type |
|---|---|---|---|---|---|---|---|---|---|---|---|---|---|---|
| Library of Congress Classification | Kabarak, Main Campus | Kabarak, Main Campus | 17/12/2015 | 37 | 3 | QM25 .H86 2002 c. 1 | 21435 | 08/11/2024 | 02/11/2024 | 17/12/2015 | General Collection |